| 000 | 01066nam a22002897a 4500 | ||
|---|---|---|---|
| 003 | dpl | ||
| 005 | 20180718145016.0 | ||
| 008 | 180718b xxu||||| |||| 00| 0 eng d | ||
| 010 | _aB-091650 | ||
| 020 |
_c150.00 _a8188081302 |
||
| 035 | _aB-091650, B-138589 | ||
| 037 | _bCen Lib/Ret | ||
| 040 |
_aDPL _bHN _c0 |
||
| 082 |
_aक _bवर्माक |
||
| 100 |
_aवर्मा , कमल चन्द _98394 |
||
| 245 |
_aसरहदें नहीं मिलती / _cकमल चन्द वर्मा |
||
| 246 |
_aSarhaden nahi miltin _b by Kamal Chand |
||
| 260 |
_aदिल्ली _bदिशा प्रकाशन _c2004 |
||
| 270 |
_a138/16,त्रिनगर _bदिल्ली _e110035 |
||
| 300 |
_a143पृष्ठ. _c20सेमी(सजिल्द) |
||
| 490 | _a | ||
| 650 |
_aहिंदी साहित्य _964999 |
||
| 650 |
_aहिंदी कहानी _965000 |
||
| 650 |
_aHindi literature _965001 |
||
| 650 |
_aHindi story _943117 |
||
| 942 |
_2ddc _cHN _hक _mवर्माक |
||
| 999 |
_c116137 _d116137 |
||